Математическое моделирование реактора синтеза метанола на основе поверхностного механизма протекания реакций; Проблемы геологии и освоения недр; Т. 2

書目詳細資料
Parent link:Проблемы геологии и освоения недр: труды XVI Международного симпозиума имени академика М. А. Усова студентов и молодых ученых, Томск, 2-7 апреля 2012 г./ Национальный исследовательский Томский политехнический университет (ТПУ), Институт природных ресурсов (ИПР) ; Общество инженеров-нефтяников, Студенческий чаптер ; под ред. О. Г. Савичева.— , 2012
Т. 2.— 2012.— [С. 241-243]
主要作者: Попок Е. В. Евгений Владимирович
其他作者: Грибанова К. А. Ксения Алексеевна (научный руководитель), Юрьев Е. М. Егор Михайлович
總結:Заглавие с титульного листа
語言:俄语
出版: 2012
叢編:Современные технологии подготовки освоения и переработки минерального и углеводородного сырья
主題:
在線閱讀:http://www.lib.tpu.ru/fulltext/c/2012/C11/V2/101.pdf
格式: 電子 Book Chapter
KOHA link:https://koha.lib.tpu.ru/cgi-bin/koha/opac-detail.pl?biblionumber=233641

MARC

LEADER 00000naa2a2200000 4500
001 233641
005 20260116091808.0
035 |a (RuTPU)RU\TPU\book\254720 
035 |a RU\TPU\book\254654 
090 |a 233641 
100 |a 20130306d2012 k y0rusy50 ca 
101 0 |a rus 
102 |a RU 
135 |a drcn ---uucaa 
181 0 |a i  
182 0 |a b 
200 1 |a Математическое моделирование реактора синтеза метанола на основе поверхностного механизма протекания реакций  |f Е. В. Попок, К. А. Грибанова  |g науч. рук. Е. М. Юрьев 
203 |a Текст  |c электронный 
215 |a 1 файл (417 Кб) 
225 1 |a Современные технологии подготовки освоения и переработки минерального и углеводородного сырья 
300 |a Заглавие с титульного листа 
320 |a [Библиогр.: с. 243 (8 назв.)] 
337 |a Adobe Reader 
461 1 |0 (RuTPU)RU\TPU\book\252494  |t Проблемы геологии и освоения недр  |o труды XVI Международного симпозиума имени академика М. А. Усова студентов и молодых ученых, Томск, 2-7 апреля 2012 г.  |o в 2 т.  |f Национальный исследовательский Томский политехнический университет (ТПУ), Институт природных ресурсов (ИПР) ; Общество инженеров-нефтяников, Студенческий чаптер ; под ред. О. Г. Савичева  |d 2012 
463 1 |0 (RuTPU)RU\TPU\book\252518  |t Т. 2  |v [С. 241-243]  |d 2012 
610 1 |a труды учёных ТПУ 
610 1 |a электронный ресурс 
610 1 |a математическое моделирование 
610 1 |a синтез 
610 1 |a поверхностные механизмы 
610 1 |a реакции 
610 1 |a метанол 
700 1 |a Попок  |b Е. В.  |c химик-технолог  |c доцент Томского политехнического университета, кандидат технических наук  |f 1987-  |g Евгений Владимирович  |3 (RuTPU)RU\TPU\pers\28560  |9 13379 
701 1 |a Грибанова  |b К. А.  |g Ксения Алексеевна 
702 1 |a Юрьев  |b Е. М.  |c специалист в области нефтепереработки и нефтехимии  |c доцент Томского политехнического университета, кандидат технических наук  |f 1986-  |g Егор Михайлович  |4 727 
801 1 |a RU  |b 63413507  |c 20130205 
801 2 |a RU  |b 63413507  |c 20150227  |g RCR 
856 4 |u http://www.lib.tpu.ru/fulltext/c/2012/C11/V2/101.pdf 
942 |c CF